00839 2200301 4500001002100000005001500021035002000036007000300056040001700059100002400076245005300100250001000153300003500163504002600198020001800224041000800242084001400250090001900264264004000283336002100323337003000344338002300374650004500397850001000442008004100452990002200493990002200515INLIS00000000000674220260411120132 a0010-0622000077ta aSBPUPADbind0 aDesmizarePengarang1 aMatematika Untuk Ekonomi Dan Bisnis /cDEsmizar; acet.1 av,312 hlm. :bilus. ;c15,5 cm abibiliografi, 311 hlm a979-518-862-30 aind a510 DES m a510 DES m 11-2 aJakarta :bPT Asdi Mahasatya,c2003 2rdacontentaTeks 2rdamediaaTanpa Perantara 2rdacarrieravolume 4aAplikasi Fungsi Dalam Ekonomi dan Bisnis aPUPAD260411 0  a6798/ARPUS-PDG/07 a6838/ARPUS-PDG-07